000 00605nam a2200229Ia 4500
005 20250923145617.0
008 008 250917s9999 xx 000 0 eng d
037 _aTextual
040 _aDSWL
_beng
_cDSWL
041 _aeng
_2eng
084 _aY, N80
_qDSWL
100 _aHorton, Paul B.
_9837150
245 0 _aSociology
_c by Paul B. Horton
250 _a5
260 _aNew Delhi
_bDelhi McGraw Hill India
_c1980
300 _axvi,526 p.
365 _aINR
_b68.18
700 _aL Chester HUNT
_9837151
925 _g68.18
942 _cTEXL
_hY, N80
999 _c1453447
_d1453447